000 00345pam a2200157a 44500
008 230515b2003 xxu||||| |||| 00| 0 eng d
020 _aNULL
041 _aENGLISH
082 _aN.D.
100 _aGrob /Schultz
245 _aBasic Electronics
250 _a0
260 _aNULL
_bTata Magraw Hill
_c2003
300 _a1060
650 _aNULL
999 _c589297
_d589297